000 00312 a2200109 4500
090 _c1726
_d1726
100 _aSyed Sharifuddin Pirzada
245 _aFoundations of Pakistan All Indian Muslim League Documents: 1906 -1947
250 _aVol iii
260 _aRoyal Book Company Karachi
942 _aNBS
_cBK
_k954.FOU
999 _c344241
_d344241